000 00394nam a2200145Ia 4500
008 240729s9999 xx 000 0 und d
022 _a2516-8142
245 0 _aInternational Hospitality Review
260 _aUnited Kingdom
260 _bEmerald Publishing
650 _aSocial Sciences
856 _uhttps://doaj.org/toc/2808b75572d64bedb4ba5c0dd9765586
942 _2ddc
942 _cDOAJEJ
999 _c66776
_d66776
945 _a1
_bMadushi Gamage
_c1
_dMadushi Gamage